000 00315nam a2200121Ia 4500
008 190216s9999||||xx |||||||||||||| ||und||
100 _aAlbert Paul Malvino
245 0 _aMalvino Electronic Priciples
250 _a6th Ed.
260 _bTata Mcgraw Hill Publishing Company Ltd
_c2002
300 _a1011
942 _cBK
999 _c30340
_d30340